000 00857cam a2200241 a 4500
001 rc 01001237
003 DLC
005 20260227111903.0
008 840713s1859 gw 000 0ager
010 _arc 01001237
040 _aDLC
_cDLC
_dDLC
043 _an-usp--
_anr-----
050 0 0 _aF593
_b.S33
100 1 _aSchiel, J.
_q(Jacob Heinrich Wilhelm),
_d1813-
245 1 0 _aReise durch die Felsengebirge und die Humboldtgebirge nach dem Stillen Ocean :
_beine Skizze /
_cvon Dr. J. Schiel.
260 _aSchaffhausen :
_bDruck und Verlag der Brodtmann'schen Buchhandlung,
_c1859.
300 _a139 p. ;
_c19 cm.
510 4 _aWagner-Camp (4th ed.),
_c344
500 _aErrata on leaf after t.p.
651 0 _aWest (U.S.)
_xDescription and travel.
651 0 _aRocky Mountains
_xDescription and travel.
650 0 _aOverland journeys to the Pacific.
999 _c52044
_d52044